000 00526nam a2200181Ia 4500
005 20250508154030.0
008 008 250505s9999 xx 000 0 eng d
037 _aTextual
040 _aFEDL
_beng
_cFEDL
041 _aeng
_2eng
084 _a294.598, GAN
_qFEDL
100 _aGandhi M.K.
_9218581
245 0 _aNon-violence in peace and war. Vol. 2
260 _aAhmedabad, India
_bNavajivan Publishing House
_c1949
300 _axvi,393p.
942 _cTEXL
_h294.598, GAN
999 _c1347168
_d1347168